Riga - Greifswald - Lübeck: Archäologische Nachweise zum städtischen Handwerk und zur Hausbauentwicklung
| Titel: | Riga - Greifswald - Lübeck: Archäologische Nachweise zum städtischen Handwerk und zur Hausbauentwicklung |
|---|---|
| Verfasser: | |
| In: |
Riga und der Ostseeraum, (2005), Seite 116-143, Abb., Kt. alle Artikel anzeigen |
| Veröffentlicht: | 2005 |
| Format: | Aufsatz |
| Sprache: | Deutsch |
X
alg: 39163976 001A $01999:11-11-16 001B $01999:25-04-21 $t10:53:25.000 001D $01999:11-11-16 001U $0utf8 001X $00 002@ $0Aox 003@ $0391639765 007A $0391639765 $aHEB 007T $0Herd78945 010@ $ager 011@ $a2005 021A $aRiga - Greifswald - Lübeck: Archäologische Nachweise zum städtischen Handwerk und zur Hausbauentwicklung 028A $aMüller $dUlrich 031A $h116-143, Abb., Kt. $j2005 039B $aIn $8--Aau--. Riga und der Ostseeraum. - Marburg : Verl. Herder-Institut, 2005. - VIII, 486 S.. - Ill., graph. Darst., Kt.. - ISBN 3-87969-319-6 $x200500000000000884 $9133615367 045F $a307.0943816 $eDDC23BSB 045F/01 $a307.09 045F/03 $g43816 045F/03 $g4796 lok: 39163976 78 exp: 39163976 78 1 #EPN 201B/01 $020-12-17 $t23:00:11.000 201U/01 $0utf8 203@/01 $0787734241 208@/01 $a11-11-16 $be 209A/01 $a/ $f000 $x00 220C/01 $aTitelaufnehmer: cs 244Z/01 $2Trx $#Latvija $#Lettland $#Łotwa $#Lotyšsko $8--Trx--Latvija $x01 $9391275879 244Z/01 $2Trx $#Pomeranija $#Pommern $#Pomoransko $#Pomořansko $#Hinterpommern;Vorpommern;Mittelpommern $#Pomorze Środkowe;Pomorze Przednie $#Pomořansko;Západní Pomořany; Pomořany $8--Trx--Pomorze Zachodnie $x02 $9391303775 244Z/01 $#Riga $#Rīga $#Ryga $#Riega $#Riga in Lieffland $#Rigae Livonum $#Rygae $#Righa $74050042-1 $8--Tg1--Riga $x03 $9085139726 244Z/01 $#Greifswald $#Gryphisvaldia $#Universitäts- und Hansestadt Greifswald $#Hansestadt Greifswald $#Gryphiswaldiae $#Greifsvaldas $#Gryfia $#Gryphia $74021965-3 $8--Tg1--Greifswald $x04 $9085053651 244Z/01 $2Trx $#Liubekas $#Lubeka $#Alt-Lübeck $8--Trx--Lübeck $x05 $9391161652 244Z/01 $aGeschichte 1100-1500 $x06 244Z/01 $2Trx $#käsitöö $#amatai $#artisans $#kézmüvesség $#rzemiosło $#remeslá $#řemesla $#Gewerbe $#živnosti $8--Trx--Handwerk $x07 $9391357891 244Z/01 $2Trx $#majaehitus $#gyvenamųjų namų statyba $#House construction $#házépítés $#budownictwo mieszkaniowe $#stavba domov $#stavba domů $#Architektur Häuser $#architektúra domy $8--Trx--Hausbau $x08 $9391360132 244Z/01 $2Trx $#arheoloogia keskaeg $#viduramžių archeologija $#archaeology Middle Ages $#régészet középkor $#archeologia średniowieczna $#archeológia stredoveká $#archeologie středověká $#Mittelalterliche Archäologie $8--Trx--Archäologie$gMittelalter $x09 $9391375288 244Z/01 $2Trx $8--Trx--Einzelbeiträge $x10 $9391384570 245Z/01 $a09.02 $x01 247C/01 $82080>Marburg/Lahn, Herder-Institut, Forschungsbibliothek, Bibliographieportal $9336309341
| LEADER | 00000caa a22000002c 4500 | ||
|---|---|---|---|
| 001 | 391639765 | ||
| 003 | DE-603 | ||
| 005 | 20210425105325.0 | ||
| 007 | tu | ||
| 008 | 161111s2005 xx |||| | u00||u|ger c | ||
| 035 | |a (DE-599)HEB391639765 | ||
| 040 | |a DE-603 |b ger |c DE-603 |d DE-603 | ||
| 041 | |a ger | ||
| 082 | 0 | 4 | |8 1\u |a 307.0943816 |q DE-101 |2 23/BSB |
| 085 | |8 1\u |b 307.09 | ||
| 085 | |8 1\u |z 2 |s 43816 | ||
| 085 | |8 1\u |z 2 |s 4796 | ||
| 100 | 1 | |a Müller, Ulrich | |
| 245 | 0 | 0 | |a Riga - Greifswald - Lübeck: Archäologische Nachweise zum städtischen Handwerk und zur Hausbauentwicklung |
| 264 | 0 | |c 2005 | |
| 773 | 0 | 8 | |i In |t Riga und der Ostseeraum |d Marburg : Verl. Herder-Institut, 2005 |h VIII, 486 S., Ill., graph. Darst., Kt. |z 3879693196 |g (2005), Seite 116-143, Abb., Kt. |w (DE-603)133615367 |
| 924 | 0 | |9 2080 |a (DE-603)787734241 |b DE-2080 |c HES |d d |g / | |


